Die wichtigsten Bereiche des menschlichen Gehirns - Statistiken

Allgemein
  • Dieses Quiz wurde 27 mal gespielt
  • Das Durchschnittsergebnis liegt bei 3 aus 10
Antwortstatistiken
Antworten % Korrekt
Kleinhirn
84%
Großhirn
80%
Hypothalamus
44%
Hirnstamm
40%
Thalamus
28%
Zwischenhirn
16%
Stirnlappen
4%
Hinterhauptslappen
0%
Scheitellappen
0%
Schläfenlappen
0%
Keine übereinstimmenden Quizze gefunden
Verteilung der Resultate
Anzahl Personen mit jedem Resultat
Perzentil nach korrekt beantworteten Fragen
Ihre Resultats-Entwicklung
Sie haben dieses Quiz noch nicht gespielt